| 000 | 00799cab a2200229 4500 | ||
|---|---|---|---|
| 001 | WB3024-62 | ||
| 008 | 090401t1994 xxu||||| |||| 00| 0 eng d | ||
| 035 | _a(Sirsi) u76160 | ||
| 041 | _aeng | ||
| 245 | _aProperty firms voice concern | ||
| 260 | _c1994 | ||
| 350 | _a0 | ||
| 490 |
_aGuardian Gazette _v91(24) 22 June 1994, 6(1) |
||
| 520 | _aThe Chairman of the Solicitors Property Group (SPG) is to outline areas of difference with the Law Society on the future of conveyancing. He rejects both separate representation of borrower and lender and the conveyancing kitemark. | ||
| 650 | _aCONVEYANCING | ||
| 650 | _aLAW SOCIETY | ||
| 650 | _aSEPARATE REPRESENTATION | ||
| 650 | _aSOLICITORS PROPERTY GROUP | ||
| 690 | _aPROPERTY LAW AND PRACTICE | ||
| 942 | _n0 | ||
| 948 | _c04/03/1997 | ||
| 999 |
_c47923 _d47923 |
||